00613nam a22001817a 450000500170000001000150001702000260003203500140005803700090007208200140008110000170009524501180011226000420023027000670027230000200033970000360035970000360039520250807114309.0 aENG-146375 a9789391772383c450.00 aEN-129907 bDBAD a370.1521 aSarartha, M. aAdvanced Educational Psychology/cM. Sarartha [and] P.N. Lakshmi Shanmugam [and] Edited By Surender Kumar Sharma aChennaibForschung Publicationsc2021 aMogappairbChennaik9626166683mforchungpublications@gmail.com a211p.c22cm(pb) aShanmugam, P.N. LakshmieAuthor aSharma, Surender Kumar eEditor